01151pam a2200301 a 4500999001700000001000700017003000400024005001700028008004100045010001700086020001500103040001800118050002500136082002100161100002700182245014200209260005100351300003600402500002000438504003000458600004300488650003600531650004200567710003100609906004500640942003700685952012700722 c21543d21543497240OSt20170121151453.0850416s1985 ilua b 001 0beng  a 85008488  a0226740595 aDLCcDLCdDLC00aNA1088.M65bS38 198500a720/.92/4aB2191 aSchulze, Franz,d1927-10aMies van der Rohe :ba critical biography /cFranz Schulze in association with the Mies van der Rohe Archive of the Museum of Modern Art. aChicago :bUniversity of Chicago Press,c1985. axxiii, 355 p. :bill. ;c27 cm. aIncludes index. aBibliography: p. 345-348.20aMies van der Rohe, Ludwig,d1886-1969. 0aArchitectszGermanyxBiography. 0aArchitectszUnited StatesxBiography.2 aMies van der Rohe Archive. a7bcbccorignewd1eocipf19gy-gencatlg 2lcccBOOKShNA 1088 .M65S38 1985 00102lcc4070aMUCbMUCcTECHd2017-01-21eDonation (BFA)l0oNA 1088 .M65S38 1985p31540r2018-05-31w2017-01-21yBOOKS